Ανάγνωση και Γραφή στην Προσχολική Εκπαίδευση / Νέα Έκδοση Βελτιωμένη και Επαυξημένη (Record no. 6327)
[ view plain ]
| 000 -LEADER | |
|---|---|
| fixed length control field | 01758cam a22001934a 4500 |
| 005 - ΗΜΕΡΟΜΗΝΙΑ ΚΑΙ ΩΡΑ ΤΕΛΕΥΤΑΙΑΣ ΕΝΗΜΕΡΩΣΗΣ | |
| Πεδίο ελέγχου | 20250605163532.0 |
| 008 - FIXED-LENGTH DATA ELEMENTS--GENERAL INFORMATION | |
| Πεδίο ελέγχου σταθερού μήκους | 250528s ||||||||||||||||||||||||d |
| 035 ## - SYSTEM CONTROL NUMBER | |
| System control number | 21261 |
| 020 ## - ISBN | |
| ISBN | 9789609552257 |
| 040 ## - ΠΗΓΗ ΚΑΤΑΛΟΓΟΓΡΑΦΗΣΗΣ | |
| Φορέας πρωτότυπης καταλογογράφησης | MC Athens Campus Library |
| Γλώσσα καταλογογράφησης | Ελληνικά, Μοντέρνα (1453-) |
| Modifying agency | MC Athens Campus Library |
| Κανόνες περιγραφικής καταλογογράφησης | AACR2 |
| 245 1# - ΤΙΤΛΟΣ ΚΑΙ ΔΗΛΩΣΗ ΥΠΕΥΘΥΝΟΤΗΤΑΣ | |
| Τίτλος | Ανάγνωση και Γραφή στην Προσχολική Εκπαίδευση / Νέα Έκδοση Βελτιωμένη και Επαυξημένη |
| 260 ## - PUBLICATION, DISTRIBUTION, ETC. | |
| Name of publisher, distributor, etc. | Πεδίο, |
| Date of publication, distribution, etc. | 2011 |
| 300 ## - PHYSICAL DESCRIPTION | |
| Extent | 240 |
| 520 ## - SUMMARY, ETC. | |
| Summary, etc. | Το βιβλίο αυτό παρουσιάζει και αναλύει τον τρόπο με τον οποίο οι παιδαγωγοί της προσχολικής ηλικίας μπορούν να εφαρμόσουν στην τάξη τους ένα πρόγραμμα για την ανάδυση της ανάγνωσης και της γραφής στα μικρά παιδιά. Πρόλογος, Εισαγωγή, Η Ανάδυση της Ανάγνωσης και της Γραφής: Έννοια και Σύγχρονες Απόψεις, Τι Γνωρίζουν τα Παιδιά της Προσχολικής Ηλικίας για την Ανάγνωση και τη Γραφή, Η Φωνολογική Επίγνωση, Η Ανάγνωση, Η Γραφή, Πώς Κατακτούν τα Παιδιά της Προσχολικής Ηλικίας την Ανάγνωση και τη Γραφή, Ο Περιβάλλων Έντυπος Τύπος, Η Συμβολή της Οικογένειας, Η Ανάγνωση Ιστοριών, Ο Γραπτός Λόγος στην Προσχολική Εκπαίδευση, Επίμετρο, Βιβλιογραφία. |
| 700 1# - ΠΡΟΣΘΕΤΗ ΑΝΑΓΡΑΦΗ--ΦΥΣΙΚΟ ΠΡΟΣΩΠΟ | |
| Personal name | Τάφα Ευφημία |
| 942 ## - ADDED ENTRY ELEMENTS (KOHA) | |
| Koha item type | Books |
| Τύπος τεκμηρίου | Βιβλιοθήκη | Τρέχουσα τοποθεσία | Barcode | Αριθμός εισαγωγής | Ημερομηνία απόκτησης | Ταξιθετικό σύμβολο | Αριθμός αντιτύπου | Κατάσταση απόσυρσης | Κατάσταση χαμένου | Κατάσταση κατεστραμμένου | Μη δανεισμός | Σύνολο δανεισμών | Ημερομηνία τελευταίας εμφάνισης | Η τιμή ισχύει από |
|---|---|---|---|---|---|---|---|---|---|---|---|---|---|---|
| Books | MC Athens Campus Library | MC Athens Campus Library | 9780000063267 | 5304 | 05/06/2025 | 372.6 TAF | 1 | 05/06/2025 | 05/06/2025 |